01073 2200325 4500001002100000005001500021035002000036007000300056008004100059082002000100084002200120100003000142245016000172300003800332650001700370264003700387336002100424337003000445338002300475040002200498090002200520850001200542020002200554250003400576700002900610700003000639504003400669999002200703990002200725INLIS00000000088275220231024114358 a0010-1023000534ta231024 2023 yoia g ind 04223a336.2009598 a336.2009598 EKO p0 aEko SetyoyantoePengarang10aPajak daerah dan restribusi daerah pada pemerintahan kabupaten/kota serta faktor-faktor yang mempengaruhinya /cEko Setyanto, Rima Komariah, Rini Handayani aix, 168 halaman :btabel ;c21 cm 4aPajak daerah31aSleman :bDiandra Kreatif,c2023 2rdacontentateks 2rdamediaatanpa perantara 2rdacarrieravolume aYOPDYOGbinderda aCB-D.11 2023-2627 aYOPDYOG a978-623-240-640-7 aCetakan pertama, Januari 20230 aRima KomariahePengarang0 aRini HandayaniePengarang aBibliografi : halaman 165-168 aCB-D.11/2023-2627 aCB-D.11/2023-2627